Oberzentren und Mittelzentren mit oberzentraler Teilfunktion in NI - Statistiken

Allgemein
  • Dieses Quiz wurde 45 mal gespielt
  • Das Durchschnittsergebnis liegt bei 13 aus 17
Antwortstatistiken
Stufe Stadt % Korrekt
Oberzentrum Hannover
100%
Oberzentrum Oldenburg
95%
Oberzentrum Braunschweig
92%
Oberzentrum Göttingen
92%
Oberzentrum Wolfsburg
92%
Oberzentrum Osnabrück
86%
Mittelzentrum mit oberzentraler Teilfunktion Emden
81%
Oberzentrum Hildesheim
81%
Oberzentrum Wilhelmshaven
81%
Oberzentrum Lüneburg
78%
Oberzentrum Salzgitter
78%
Oberzentrum Celle
73%
Mittelzentrum mit oberzentraler Teilfunktion Delmenhorst
73%
Mittelzentrum mit oberzentraler Teilfunktion Hameln
62%
Mittelzentrum mit oberzentraler Teilfunktion Lingen (Ems)
54%
Mittelzentrum mit oberzentraler Teilfunktion Nordhorn
38%
Mittelzentrum mit oberzentraler Teilfunktion Langenhagen
30%
Keine übereinstimmenden Quizze gefunden
Verteilung der Resultate
Anzahl Personen mit jedem Resultat
Perzentil nach korrekt beantworteten Fragen
Ihre Resultats-Entwicklung
Sie haben dieses Quiz noch nicht gespielt